| 000 | 00701nam a22001337a 4500 | ||
|---|---|---|---|
| 040 | _cRUA | ||
| 082 | _aAVM SOE 2018 B654 Or.1 | ||
| 100 | _aSOEUN KIMSOUR សឿន គីមសូរ | ||
| 245 | _apresence of bacteria in localchiken meat at market in borset district,kampong speu province វត្តមានបាតើតេរីសាច់មានស្រុកនៅលើទីផ្សារស្រុកបសេដ្ឋ ខេត្តកំពង់ស្ពឺ | ||
| 260 |
_aRUA _bPhnom penh _c2018 |
||
| 300 |
_aix;26p _bill; _c29cm |
||
| 856 | _uhttps://drive.google.com/file/d/13CqF6HqdvpQ2A2ldGCFov-2JqonAxvpy/view?usp=sharing | ||
| 942 | _cAVM | ||
| 999 |
_c18540 _d18540 |
||